00468nam a22001577a 450000500170000001000150001702000260003203500140005803700090007208200100008110000200009124500570011126000440016827000780021230000200029020250109122927.0 aENG-143267 a9789391317980c351.00 aEN-126799 bDBAD a230.2 aMisra, Munindra aSanatan Gita-2 In English Rhymes/cBy Munindra Misra aNoidac2022bJAI3E Books and Publishing a2203, Express Trade Towers-2, Sector-132mjaip3e@gmail.combNoidae201304 a160p.c22cm(hb)